00460nam a2200157Ia 4500001000500000005001700005008004100022041000800063082001300071100004600084245011900130260000900249300002800258650000800286654000800294363120260306145657.0260306t2003||||xx |||||||||||||| ||spa|| aESP a301bA62 aArdèvol Piera, Elisenda (coordª.)eAUT 0aAntropología de la religión:buna aproximación interdisciplinar a las religiones antiguas y contemporáneas c2003 a504 páginas :c24 cm. aGEN aCHU